000 00480nam a22001697a 4500
020 _a978-0-439944-60-1
082 _a823
_bMIK/H
100 _aGANERI, ANITA
100 _aPHILLIPS, MIKE
245 _aHORRIBLE GEOGRAPHY
_bHIRRIBLE STORIES
246 _aHORRIBLE GEOGRAPHY
_bHIRRIBLE STORIES
260 _aLONDON
_bSCHOLASTIC CHILDREN'S BOOKS
_c2001
300 _a128
520 _aHORRIBLE GEOGRAPHY- HORRIBLE STORY
650 _aHORRIBLE GEOGRAPHY- HORRIBLE STORY
942 _cBK
999 _c2119
_d2119